Estadísticas para Monedas del Mundo

Haz click aquí para intentar la prueba.

Estadísticas generales

  • Esta prueba ha sido intentada 722 veces
  • La puntuación promedio es 33 de 112

Estadísticas de respuestas

PaísMoneda% Correcto
Alemania | Austria | Bélgica | +16 othersEuro
87%
Ecuador | Estados Unidos | Puerto RicoDólar Estadounidense
79%
MéxicoPeso Mexicano
79%
CanadáDólar Canadiense
77%
ArgentinaPeso Argentino
64%
VenezuelaBolívar
54%
InglaterraLibra Esterlina
54%
ChilePeso Chileno
53%
ColombiaPeso Colombiano
52%
UruguayPeso Uruguayo
42%
SuizaFranco Suizo
41%
AustraliaDólar Australiano
36%
CubaPeso Cubano
36%
GuatemalaQuetzal
34%
SueciaCorona Sueca
32%
RusiaRublo Ruso
31%
DinamarcaCorona Danesa
30%
NoruegaCorona Noruega
30%
BrasilReal Brasileño
28%
ParaguayGuaraní
25%
Nueva ZelandaDólar Neozelandés
22%
República DominicanaPeso Dominicano
22%
IndiaRupia India
22%
BoliviaBoliviano
19%
República ChecaCorona Checa
19%
BielorrusiaRublo Bielorruso
19%
HondurasLempira
18%
TurquíaLira Turca
17%
PerúNuevo Sol
17%
PanamáBalboa
16%
Costa RicaColón Costarricense
13%
NicaraguaCórdoba
13%
BéliceDólar de Bélice
13%
JamaicaDólar Jamaiquino
13%
BulgariaLev Búlgaro
12%
SerbiaDinar Serbio
11%
SurinameDólar Surinamés
11%
HaitíGourde
11%
CroaciaKuna Croata
11%
RumaniaLeu Rumano
11%
EgiptoLibra Egipcia
11%
MarruecosDírham Marroquí
10%
UcraniaGrivna
10%
FilipinasPeso Filipino
10%
NepalRupia Nepalí
10%
Corea del SurWon Surcoreano
10%
GuayanaDólar Guayanés
9%
PoloniaEsloti
9%
MoldoviaLeu Moldavo
9%
PakistánRupia Pakistaní
9%
Corea del NorteWon Norcoreano
9%
El SalvadorColón Salvadoreño
8%
MacedoniaDinar Macedonio
8%
HungríaForinto Húngaro
8%
Trinidad y TobagoDólar de Trinidad y Tobago
7%
AfganistánAfgani Afgano
6%
ArgeliaDinar Argelino
6%
JordaniaDinar Jordano
6%
SingapurDólar de Singapur
6%
LíbanoLibra Libanesa
6%
IrakDinar Iraquí
5%
LibiaDinar Libio
5%
VietnámDong
5%
ArmeniaDram Armenio
5%
SiriaLibra Siria
5%
Bosnia-HerzegovinaMarco Bosnioherzegovino
5%
ChinaRenminbi
5%
IránRial Iraní
5%
IndonesiaRupia Indonesa
5%
KeniaChelín Keniano
4%
TúnezDinar Tunecino
4%
GeorgiaLari Georgiano
4%
IsraelNuevo Séquel
4%
EtiopíaBirr Etíope
3%
LaosKip Laosiano
3%
AzerbaiyánManat Azerbaiyano
3%
CamboyaRiel Camboyano
3%
MalasiaRinggit Malayo
3%
KirguistánSom Kirguís
3%
UzbekistánSom Uzbeko
3%
KazajistánTenge Kazajo
3%
MongoliaTugrik Mongol
3%
SomaliaChelín Somalí
2%
Chad | Malí | NígerFranco de África Central
2%
MyanmarKyat Birmano
2%
SudánLibra Sudanesa
2%
TurkmenistánManat Turcomano
2%
TayikistánSomoní Tayiko
2%
BangladeshTaka Bangladesí
2%
MauritaniaUguiya
1%

Distribución de puntuación

Porcentaje por número respondido

Porcentaje de gente con cada puntuación

Historial de tus puntuaciones

No has intentado esta prueba.